UM Logo

Reduction in circulating current with improved secondary side modulation in isolated current-fed half bridge AC-DC converter / (Record no. 19277)

MARC details
000 -LEADER
fixed length control field 00917nam a22002057a 4500
003 - CONTROL NUMBER IDENTIFIER
control field OSt
005 - DATE AND TIME OF LATEST TRANSACTION
control field 20250911164253.0
008 - FIXED-LENGTH DATA ELEMENTS--GENERAL INFORMATION
fixed length control field 240222b ||||| |||| 00| 0 eng d
040 ## - CATALOGING SOURCE
Transcribing agency 0
082 ## - DEWEY DECIMAL CLASSIFICATION NUMBER
Classification number DPer 621.317 Ie21 May 2022 v. 37 n. 5
100 ## - MAIN ENTRY--PERSONAL NAME
Personal name Kumar, Manish.
Relator term author.
9 (RLIN) 52960
245 ## - TITLE STATEMENT
Title Reduction in circulating current with improved secondary side modulation in isolated current-fed half bridge AC-DC converter /
Statement of responsibility, etc. Manish Kumar, Sumit Pramanick, and B.K. Panigrahi.
260 ## - PUBLICATION, DISTRIBUTION, ETC. (IMPRINT)
Place of publication, distribution, etc. New York ;
Name of publisher, distributor, etc. The Institute of Electrical and Electronics Engineers, Inc. ,
Date of publication, distribution, etc. May 2022.
300 ## - PHYSICAL DESCRIPTION
Extent Volume 37, pages 5625-5636 :
Other physical details illustration ;
Dimensions 28 cm.
500 ## - GENERAL NOTE
General note IEEE Transactions on Power Electronics, vol. 37, no. 5, pages 5625-5636, May 2022.
700 ## - ADDED ENTRY--PERSONAL NAME
Personal name Kumar, Manish.
Relator term author.
9 (RLIN) 52960
700 ## - ADDED ENTRY--PERSONAL NAME
Personal name Pramanick, Sumit.
Relator term author.
9 (RLIN) 52981
700 ## - ADDED ENTRY--PERSONAL NAME
Personal name Panigrahi, Bijaya Ketan.
Relator term author.
9 (RLIN) 52982
942 ## - ADDED ENTRY ELEMENTS (KOHA)
Source of classification or shelving scheme Dewey Decimal Classification
Koha item type Periodicals
Holdings
Withdrawn status Lost status Source of classification or shelving scheme Damaged status Not for loan Collection code Home library Current library Date acquired Total Checkouts Full call number Date last seen Price effective from Koha item type Public note
    Dewey Decimal Classification     Periodicals UM Digos College - LIC UM Digos College - LIC 02/22/2024   DPer 621.317 Ie21 May 2022 v. 37 n. 5 02/22/2024 02/22/2024 Periodicals Periodical Article